| 000 | 00648nam a2200217Ia 4500 | ||
|---|---|---|---|
| 999 |
_c30170 _d30170 |
||
| 001 | 30043 | ||
| 003 | OSt | ||
| 005 | 20200909113245.0 | ||
| 008 | 140416s9999 xx 000 0 und d | ||
| 020 | _a0-8213-4412-9 | ||
| 040 | _cPK-LaUMT | ||
| 082 |
_aW 303.6 _bCOL-V |
||
| 100 | _aMichelle L. Cullen | ||
| 245 |
_aViolent conflict and the transformation of social capital _blessons from Cambodia, Rwanda, Guatemala, and Somalia _cMichelle L. Cullen<>Nat J. Colletta |
||
| 260 |
_aWashington,USA: _bWorld Bank, _c2000 |
||
| 300 | _a139 p. | ||
| 546 | _aEN | ||
| 650 | _aConflict-Somalia | ||
| 700 | _aNat J. Colletta | ||
| 942 |
_cWEEDED OUT _2ddc |
||